| 000 | 00848cab a2200265 4500 | ||
|---|---|---|---|
| 001 | ABS55768 | ||
| 008 | 090401t1996 xxu||||| |||| 00| 0 eng d | ||
| 035 | _a(Sirsi) u18683 | ||
| 041 | _aeng | ||
| 245 | _aCost model: schools | ||
| 260 | _c1996 | ||
| 350 | _a0 | ||
| 490 |
_aBuilding Services _vSeptember 1996, 13-14(2) |
||
| 520 | _aProvides a cost model for the building services of schools. Concentrates on two specific types of accommodation: a single storey primary school classroom and a two-storey secondary school science block. | ||
| 650 |
_aBlock management _96220 |
||
| 650 | _aCLASSROOMS | ||
| 650 | _aCOST MODELS | ||
| 650 | _aEDUCATIONAL BUILDINGS | ||
| 650 | _aPRIMARY SCHOOL | ||
| 650 | _aSCHOOLS | ||
| 650 | _aSECONDARY SCHOOL | ||
| 690 | _aBUILT ENVIRONMENT-BUILDING COSTS | ||
| 942 | _n0 | ||
| 948 | _c04/03/1997 | ||
| 999 |
_c12434 _d12434 |
||